| 000 | 01824nmm a2200565 a 4500 | ||
|---|---|---|---|
| 003 | AR-BaBNM | ||
| 005 | 20251128211736.0 | ||
| 008 | 056020s2005 ||||||||||||||000 | spa|| | ||
| 020 | _a84-205-4341-1 | ||
| 040 | _cAR-BaBNM | ||
| 245 | 1 | 0 | _aPrograma para la mejora de la docencia universitaria |
| 260 |
_aMadrid _bPearson-Prentice Hall _c2005 |
||
| 300 | 0 |
_a601 p. _e1 CD-ROM |
|
| 500 | 0 | _aSolicitar el CD-ROM no. 750973 en Mediateca | |
| 650 | 4 | _aENSENANZA UNIVERSITARIA | |
| 650 | 4 | _aPROFESORES UNIVERSITARIOS | |
| 650 | 4 | _aFORMACION DE DOCENTES | |
| 650 | 4 | _aDESARROLLO PROFESIONAL | |
| 650 | 4 | _aPROGRAMAS DE EDUCACION | |
| 650 | 4 | _aTUTORIA | |
| 650 | 4 | _aCURRICULO UNIVERSITARIO | |
| 650 | 4 | _aACTIVIDADES | |
| 651 | 4 | _aEspaña | |
| 653 | 0 | _aEDUCACION SUPERIOR | |
| 700 | 1 |
_aVillar Angulo, Luis Miguel _ecoordinador |
|
| 700 | 1 | _aAlegre de la Rosa, Olga María | |
| 700 | 1 | _aBolívar Botía, Antonio | |
| 700 | 1 | _aCastillo Arredondo, Santiago | |
| 700 | 1 | _aDomeme Martos, Soledad | |
| 700 | 1 | _aGarcía Rodríguez, María Soledad | |
| 700 | 1 | _aGarcía-Valcárcel Muñoz-Repiso, Ana | |
| 700 | 1 | _aGonzález Losada, Sebastián | |
| 700 | 1 | _aGuil Bozal, Ana | |
| 700 | 1 | _aGuzmán Rosquete, Remedios | |
| 700 | 1 | _aLeal Hernández, Elena | |
| 700 | 1 | _aMedina Rivilla, Antonio | |
| 700 | 1 | _aMorales Lozano, Juan Antonio | |
| 700 | 1 | _aNúñez Domínguez, Trinidad | |
| 700 | 1 | _aPascual Sevillano, María Angeles | |
| 700 | 1 | _aPérez Ferra, Miguel | |
| 700 | 1 | _aPérez Jorge, David | |
| 700 | 1 | _aPérez Pérez, Ramón | |
| 700 | 1 | _aRodríguez Gallego, Margarita | |
| 700 | 1 | _aRomero Godoy, María del Pilar | |
| 700 | 1 | _aRomero Tena, Rosalía | |
| 700 | 1 | _aSánchez Herrera, Javier | |
| 700 | 1 | _aToledo Morales, Purificación | |
| 942 | _cBK | ||
| 998 | _cme-solo cat | ||
| 999 |
_c20916 _d20916 |
||